Normal view MARC view

Entry Personal Name

Number of records used in: 1

001 - CONTROL NUMBER

  • control field: 9453

003 - CONTROL NUMBER IDENTIFIER

  • control field: DLC

005 - DATE AND TIME OF LATEST TRANSACTION

  • control field: 20230908131713.0

008 - FIXED-LENGTH DATA ELEMENTS

  • fixed length control field: 811106n| acannaabn |n aba

010 ## - LIBRARY OF CONGRESS CONTROL NUMBER

  • LC control number: n 81126375

035 ## - SYSTEM CONTROL NUMBER

  • System control number: (OCoLC)oca00671285

040 ## - CATALOGING SOURCE

  • Original cataloging agency: DLC
  • Language of cataloging: eng
  • Transcribing agency: DLC
  • Modifying agency: DLC
  • Modifying agency: Uk
  • Modifying agency: DLC
  • Modifying agency: IeDuTC
  • Modifying agency: IEN
  • Modifying agency: DLC

100 1# - HEADING--PERSONAL NAME

  • Personal name: Rogers, David

670 ## - SOURCE DATA FOUND

  • Source citation: [Subject of Jacob Barker ads.]

670 ## - SOURCE DATA FOUND

  • Source citation: Barker, J. Jacob Barker ads., 1822? (subj.)
  • Information found: p. 45-50 (David Rogers)

670 ## - SOURCE DATA FOUND

  • Source citation: [Author of The peddars way]

670 ## - SOURCE DATA FOUND

  • Source citation: His The peddars way, c1974:
  • Information found: t.p. (David Rogers)

670 ## - SOURCE DATA FOUND

  • Source citation: [Photographer for The birthday gift that beeped]

670 ## - SOURCE DATA FOUND

  • Source citation: Laster, J. The birthday gift that beeped, c1983 (a.e.)
  • Information found: t.p. (photography by David Rogers)

670 ## - SOURCE DATA FOUND

  • Source citation: [Compiler of Reflection in the water ...]

670 ## - SOURCE DATA FOUND

  • Source citation: nuc87-26533: Reflection in the water ... 1976
  • Information found: (usage on TU rept.: David Rogers)

670 ## - SOURCE DATA FOUND

  • Source citation: [Author of Artificial intelligence in organic ...]

670 ## - SOURCE DATA FOUND

  • Source citation: nuc86-59478: His Artificial intelligence in organic chemistry SST [MI] 1984
  • Information found: (hdg. on NNC rept.: Rogers, David; usage: David Rogers)

670 ## - SOURCE DATA FOUND

  • Source citation: [Editor of Soldiers in Silsden 1939-45]

670 ## - SOURCE DATA FOUND

  • Source citation: Soldiers in Silsden 1939-45, c2008:
  • Information found: t.p. (David Rogers)

670 ## - SOURCE DATA FOUND

  • Source citation: [Author of The future of lean sigma thinking ...]

670 ## - SOURCE DATA FOUND

  • Source citation: The future of lean sigma thinking ... 2011:
  • Information found: ECIP t.p. (David Rogers)

670 ## - SOURCE DATA FOUND

  • Source citation: [Co-author of Northern Ireland countryside survey 2007]

670 ## - SOURCE DATA FOUND

  • Source citation: Cooper, A. Northern Ireland countryside survey 2007: broad habitat change 1998-2007, 2009 :
  • Information found: t.p. (David Rogers, Environmental Sciences Research Institute, University of Ulster, Coleraine)

670 ## - SOURCE DATA FOUND

  • Source citation: [Author of Weather prediction using a genetic memory]

670 ## - SOURCE DATA FOUND

  • Source citation: Weather prediction using a genetic memory, 1990:
  • Information found: t.p. (David Rogers) verso t.p. (Research Institute for Advanced Computer Science, NASA Ames Research Center, Moffet Field, CA)

Powered by Koha